Venezuela Immigration by Country - Statistics

General Stats
  • This quiz has been taken 104 times
  • The average score is 7 of 10
Answer Stats
# People Country of Origin % Correct
390 Colombia
95%
11,000 Brazil
91%
280 Argentina
86%
320 Ecuador
86%
315 Peru
84%
265 Spain
81%
5,320 Cuba
67%
640 China
66%
490 Nicaragua
41%
390 Syria
32%
No matching quizzes found
Score Distribution
Percent of People with Each Score
Percentile by Number Answered
Your Score History
You have not taken this quiz